[Event "HUN-chT2 Asztalos 0405"]
[Site "Hungary"]
[Date "2004.09.26"]
[Round "1"]
[White "Toth, Pal"]
[Black "Vrban, Mladen"]
[Result "0-1"]
[WhiteElo "2138"]
[BlackElo "2313"]
[PlyCount "116"]
[EventDate "2004.09.26"]
[EventType "team"]
[EventRounds "11"]
[EventCountry "HUN"]
[SourceTitle "EXT 2009"]
[Source "ChessBase"]
[SourceDate "2008.11.26"]
[SourceVersion "1"]
[SourceVersionDate "2008.11.26"]
[SourceQuality "1"]
[WhiteTeam "Koppany"]
[BlackTeam "Nagyatad"]
[WhiteTeamCountry "HUN"]
[BlackTeamCountry "HUN"]

1. d4 f5 2. g3 g6 3. Nf3 Nh6 4. Bg2 Nf7 5. Nbd2 Bg7 6. e4 d6 7. 0-0 0-0 8. c3 c6 9. Qb3 e6 10. Re1 Re8 11. exf5 gxf5 12. Nf1 a5 13. a4 Na6 14. Be3 d5 15. N1d2 b6 16. Qc2 c5 17. Bf1 cxd4 18. Nxd4 Bxd4 19. Bxd4 e5 20. Be3 Nc5 21. Rad1 Bd7 22. b3 Rc8 23. Qb2 Qf6 24. f4 exf4 25. Bxf4 Rxe1 26. Rxe1 Ne4 27. Nxe4 fxe4 28. Re3 Nd8 29. Qd2 Bc6 30. Qd4 Qxd4 31. cxd4 Bd7 32. h4 Rc1 33. Kf2 Bg4 34. Be2 Rc2 35. Ke1 Bxe2 36. Rxe2 Rc3 37. Re3 Rc2 38. Kd1 Rc8 39. Kd2 Nc6 40. Rc3 Kf7 41. Ke3 Ke6 42. Bh6 Kd7 43. Bf4 h5 44. Bg5 Rf8 45. Bf4 Rf6 46. Rc1 Ke8 47. Rc2 Kf7 48. Rc1 Kg6 49. Rc3 Kf5 50. Rc2 Kg4 51. Rc1 Ne7 52. Be5 Rf3+ 53. Ke2 Rxb3 54. Rc7 Rb2+ 55. Kd1 Nf5 56. Rc6 e3 57. Rg6+ Kf3 58. Rg5 e2+ 0-1

[Event "HUN-chT2 Asztalos 0304"]
[Site "Hungary"]
[Date "2004.04.18"]
[Round "11"]
[White "Toth, Pal"]
[Black "Karsa, Laszlo"]
[Result "1/2-1/2"]
[WhiteElo "2160"]
[BlackElo "2390"]
[PlyCount "40"]
[EventDate "2003.08.29"]
[EventType "team"]
[EventRounds "11"]
[EventCountry "HUN"]
[SourceTitle "EXT 2009"]
[Source "ChessBase"]
[SourceDate "2008.11.26"]
[SourceVersion "1"]
[SourceVersionDate "2008.11.26"]
[SourceQuality "1"]
[WhiteTeam "Koppany"]
[BlackTeam "Pannonpower"]
[WhiteTeamCountry "HUN"]
[BlackTeamCountry "HUN"]

1. d4 Nf6 2. c4 e6 3. Nf3 d5 4. Nc3 Be7 5. Bg5 0-0 6. e3 Nbd7 7. Bd3 dxc4 8. Bxc4 c5 9. 0-0 a6 10. dxc5 Bxc5 11. Bd3 h6 12. Bh4 b5 13. Ne4 Be7 14. Nxf6+ Nxf6 15. Qe2 Bb7 16. Rfd1 Nd5 17. Bg3 Qb6 18. Rac1 Rac8 19. Bb1 Nf6 20. Bh4 Rxc1 1/2-1/2

[Event "HUN-chT2 Asztalos 0304"]
[Site "Hungary"]
[Date "2003.12.07"]
[Round "5"]
[White "Nemeth, Antal"]
[Black "Toth, Pal"]
[Result "1-0"]
[WhiteElo "2266"]
[BlackElo "2160"]
[PlyCount "51"]
[EventDate "2003.08.29"]
[EventType "team"]
[EventRounds "11"]
[EventCountry "HUN"]
[SourceTitle "EXT 2009"]
[Source "ChessBase"]
[SourceDate "2008.11.26"]
[SourceVersion "1"]
[SourceVersionDate "2008.11.26"]
[SourceQuality "1"]
[WhiteTeam "Bajai"]
[BlackTeam "Koppany"]
[WhiteTeamCountry "HUN"]
[BlackTeamCountry "HUN"]

1. Nf3 d5 2. g3 c6 3. Bg2 Nf6 4. d4 Bf5 5. 0-0 e6 6. c4 Bd6 7. Nc3 h6 8. Qb3 Qc7 9. Bd2 Ne4 10. Rac1 dxc4 11. Qxc4 Qd7 12. Rfd1 Nxc3 13. Bxc3 0-0 14. Nd2 Na6 15. e4 Bg4 16. Nf3 Qe7 17. a3 Rac8 18. h3 Bh5 19. Re1 Bxf3 20. Bxf3 e5 21. Kg2 Nb8 22. Rcd1 b5 23. Qd3 Rc7 24. d5 cxd5 25. Qxd5 Bxa3 26. Qxe5 1-0

[Event "HUN-chT2 Asztalos 0304"]
[Site "Hungary"]
[Date "2003.10.05"]
[Round "2"]
[White "Toth, Pal"]
[Black "Papagorasz, Takisz"]
[Result "0-1"]
[WhiteElo "2160"]
[BlackElo "2189"]
[PlyCount "132"]
[EventDate "2003.08.29"]
[EventType "team"]
[EventRounds "11"]
[EventCountry "HUN"]
[SourceTitle "EXT 2009"]
[Source "ChessBase"]
[SourceDate "2008.11.26"]
[SourceVersion "1"]
[SourceVersionDate "2008.11.26"]
[SourceQuality "1"]
[WhiteTeam "Koppany"]
[BlackTeam "Fehervar"]
[WhiteTeamCountry "HUN"]
[BlackTeamCountry "HUN"]

1. d4 Nf6 2. c4 e6 3. Nf3 b6 4. g3 Ba6 5. b3 Bb4+ 6. Bd2 Be7 7. Bg2 c6 8. 0-0 0-0 9. Bc3 d5 10. Nbd2 Nbd7 11. Re1 Qc7 12. Rc1 Rac8 13. e4 Nxe4 14. Nxe4 dxe4 15. Rxe4 Nf6 16. Re1 Rfd8 17. Qc2 Bb7 18. Qe2 Bf8 19. Qb2 Nd7 20. Ng5 h6 21. Ne4 Re8 22. Rcd1 Rcd8 23. b4 c5 24. dxc5 bxc5 25. b5 Nb6 26. Qe2 Rxd1 27. Rxd1 f5 28. Nd2 Bxg2 29. Kxg2 e5 30. Nf3 e4 31. Nd2 Qf7 32. Ba5 Be7 33. Bxb6 axb6 34. Nf1 Bg5 35. Rd5 f4 36. gxf4 Qxf4 37. Ng3 e3 38. f3 Rf8 39. Ne4 Bf6 40. Nxf6+ Rxf6 41. Rd8+ Kh7 42. Re8 Rg6+ 43. Kf1 Qg5 44. Qd3 Qg2+ 45. Ke1 Qf2+ 46. Kd1 Qxf3+ 47. Kc2 Qf2+ 48. Kb3 Qxh2 49. Rxe3 Qd6 50. a4 h5 51. a5 bxa5 52. Qxd6 Rxd6 53. Re5 g6 54. Rxc5 Rd1 55. Kc2 Rd8 56. b6 Rb8 57. Rc7+ Kh6 58. c5 h4 59. Ra7 h3 60. Rxa5 g5 61. Kd3 g4 62. Ke3 g3 63. Kf3 g2 64. Ra1 Rf8+ 65. Kg3 Rf1 66. Kxh3 g1Q 0-1

[Event "HUN-chT2 Asztalos 0304"]
[Site "Hungary"]
[Date "2003.09.28"]
[Round "1"]
[White "Halasz, Attila"]
[Black "Toth, Pal"]
[Result "1/2-1/2"]
[WhiteElo "2280"]
[BlackElo "2160"]
[PlyCount "50"]
[EventDate "2003.08.29"]
[EventType "team"]
[EventRounds "11"]
[EventCountry "HUN"]
[SourceTitle "EXT 2009"]
[Source "ChessBase"]
[SourceDate "2008.11.26"]
[SourceVersion "1"]
[SourceVersionDate "2008.11.26"]
[SourceQuality "1"]
[WhiteTeam "Kalocsa"]
[BlackTeam "Koppany"]
[WhiteTeamCountry "HUN"]
[BlackTeamCountry "HUN"]

1. d4 d5 2. Nf3 Nf6 3. c4 e6 4. Nc3 c6 5. Bg5 Be7 6. e3 Nbd7 7. cxd5 exd5 8. Bd3 0-0 9. Qc2 h6 10. Bh4 Ne8 11. Bg3 Nd6 12. 0-0 Nf6 13. Ne5 Ng4 14. Nf3 Be6 15. h3 Nf6 16. b3 Nd7 17. Ne5 Nxe5 18. Bxe5 f5 19. Na4 Ne4 20. f3 Ng5 21. Nc5 Bc8 22. b4 Bd6 23. b5 Qe7 24. f4 Nf7 25. Nb3 cxb5 1/2-1/2